| 000 | 00945nam a22003017a 4500 | ||
|---|---|---|---|
| 001 | BR0503235 | ||
| 003 | BR-BrBNA | ||
| 005 | 20230928101929.0 | ||
| 007 | ta | ||
| 008 | 230509b bl.||||| |||| 00| 0 por d | ||
| 040 |
_aBR-BrBNA _bpor _cBiblioteca Nacional de Agricultura |
||
| 041 | _a(Por) | ||
| 072 | _aE14; E50 | ||
| 090 | _ E14 BR0503235 | ||
| 110 | 1 |
_aCompanhia de Desenvolvimento e Ação Regional, Salvador, BA (Brasil) _92372 |
|
| 245 | 1 | _aPrograma de desenvolvimento regional sustentável da região Irecê - PDRS Irecê | |
| 260 | 3 |
_aSalvador, BA (Brasil): _c2004. |
|
| 300 | _a266 p. | ||
| 500 | _aBibliography p. 257-264; 28 tables; 19 illus. | ||
| 650 | _aPROJETO DE DESENVOLVIMENTO | ||
| 650 | _aPROJETO AGRÍCOLA | ||
| 650 | _aDESENVOLVIMENTO SUSTENTÁVEL | ||
| 650 | _aDESENVOLVIMENTO SÓCIO-ECONÔMICO | ||
| 650 | _aBAHIA | ||
| 650 | _aMEIO AMBIENTE | ||
| 909 |
_a202309 _bLucia _c55 _dLucia Elande |
||
| 942 | _cBK | ||
| 999 |
_c68280 _d68280 |
||